00307nam a22000977a 4500040000700000082000800007100001900015245010000034260006700134300000800201 cHS a214 aHUOT KONGHEANG aResponsible fisheries management in large rivers and reservoirs of latin america seminar report aprek leap national school of agriculturebHUOT KONGHEANGc2004 a4p.